Kosti

Hlavní autor: Vyskočil, Ivan, 1929-2023
Jazyk: Čeština
Vydáno: Praha : Mladá fronta, 1993
Vydání: 2. vyd.
Edice: Moderní česká próza (Mladá fronta)
Fyzický popis: 221 s.
Knihy
Uloženo v:
LEADER 00767nam a2200265 a 4500
001 000005310
003 CZ BrMZK
005 20211118064147.0
007 ta
008 940113s1993 xr f cze d
015 |a cnb000082189 
020 |a 80-204-0398-1  |c 65.00 
040 |a BOA001  |b cze 
080 |a 885.0-32  |2 MRF 
100 1 |a Vyskočil, Ivan,  |d 1929-2023  |7 jk01151228  |4 prf  |4 sng 
245 1 0 |a Kosti 
250 |a 2. vyd. 
260 |a Praha :  |b Mladá fronta,  |c 1993 
300 |a 221 s. 
490 1 |a Moderní česká próza ;  |v sv. 8 
830 0 |a Moderní česká próza (Mladá fronta)  |0 s 
910 |a BOA001  |b 2-0995.709 
962 |a 885.0-32 
990 |a BK 
996 6 |b 2610004778  |c 2-0995.709  |l MZK  |r Sklad / do 1 hodiny  |n 35  |w 000005310  |u 000010  |a 1  |e BOA001  |j MZK50  |s P